• 首页
  • 本馆介绍
  • 公告通知
  • 最新文献
  • 馆藏检索
  • 电子资源
  • 读者导购
  • 参考咨询
  • 我的图书馆
  • 登录
  • 详细信息显示
  • 放入我的书架
  • 预约/预借图书
  • 作者相关作品
  • 分类相关作品
  • 丛书相关作品
  • 出版社相关作品

书目信息

  • 表格格式
  • 工作单格式
  • 卡片格式
题名:
反应过程与技术
    
 
作者: 周波 主编
分册:  
出版信息: 北京   高等教育出版社  2014.08
页数: 179页
开本: 26cm
丛书名:
单 册:
中图分类: TQ03
科图分类:
主题词: 化学反应工程--高等职业教育--教材 , 化学反应工程
电子资源:
ISBN: 978-7-04-040081-6
000 01008nam0 2200277 450
001 0120141376075
005 20170502102311.32
010    @a978-7-04-040081-6@dCNY19.90
100    @a20141121d2014 em y0chiy0110 ea
101 0  @achi
102    @aCN@b110000
105    @aak z 000yy
106    @ar
200 1  @a反应过程与技术@9fan ying guo cheng yu ji shu@f周波主编
205    @a3版
210    @a北京@c高等教育出版社@d2014.08
215    @a179页@c图@d26cm
300    @a“十二五”职业教育国家规划教材 高等职业教育化学化工类规划教材
330    @a本书以反应过程的技术应用为主线,坚持“实际、实用、实践”的基本原则,突出实用性。内容包括:绪论、均相反应技术、气-固体固定床基本原则、流化床反应技术、气-液相反应技术。重点介绍反应器的结构与应用、反应器的生产原理反应器的生产操作等。
333    @a高职
606 0  @a化学反应工程@x高等职业教育@j教材
606 0  @a化学反应工程
690    @aTQ03@v5
701  0 @a周波@9zhou bo@4主编
801  0 @aCN@b人天书店@c20141121
905    @b989221-24@dTQ03@e376=3@f4
    
    反应过程与技术/周波主编.-3版.-北京:高等教育出版社,2014.08
    179页:图;26cm
    “十二五”职业教育国家规划教材 高等职业教育化学化工类规划教材.-使用对象:高职
    
    ISBN 978-7-04-040081-6:CNY19.90
    本书以反应过程的技术应用为主线,坚持“实际、实用、实践”的基本原则,突出实用性。内容包括:绪论、均相反应技术、气-固体固定床基本原则、流化床反应技术、气-液相反应技术。重点介绍反应器的结构与应用、反应器的生产原理反应器的生产操作等。
●
相关链接 在E读中查询图书 在五车中查询图书 在当当中查询图书 在豆瓣中查询图书


正题名:反应过程与技术     索取号:TQ03/376=3         预约/预借

序号 登录号 条形码 馆藏地/架位号 状态 备注
1 989221   209892213   第二样本阅览室/ [索取号:TQ03/376=3] 在馆    
2 989222   209892222   第三借阅区/ [索取号:TQ03/376=3] 在馆    
3 989223   209892231   第三借阅区/ [索取号:TQ03/376=3] 在馆    
4 989224   209892240   密集书库-化学系/ [索取号:TQ03/376=3] 在馆    
唐山师范学院图书馆 欢迎您!
大连网信软件有限公司© 版权所有